01123nam a2200193 a 4500008004100000020001500041050001600056100003700072245016700109260004500276300003400321350000900355700002100364995014600385995013500531999001700666952012300683952012300806120416s1990 ||||||||||||||||| || u a9982816004 aJQ 2881 Nat aMbikusita-Lewanika, Akashambatwa14aThe hour has come: proceedings of the National Conference on the Multi-party Option held at Garden House Hotel, Lusaka,cedited by Akashambatwa Mbikusita-Lewanika aLusakabZambia Research Foundationc1990 axi, 152 pages : illustrations a0.00 aChitala, Derrick aSPECIAL COLLECTIONSD0.00e721341FCBU-MAIN LIBRARY (Kitwe)H1I0.00jZAM JQ 2881 LEWM2UAVAILABLEWApr 3, 2008y024172ZZambiana Collection aSPECIAL COLLECTIONSD0.00e721340FCBU-MAIN LIBRARY (Kitwe)H1I300.00jZAM JQ 2881 LEWM1UAVAILABLEy009068ZZambiana Collection c76343d76343 00102lcc4070a001b001cZambiana Collectiond2023-04-25l0oZAM JQ 2881 Natp024172r2023-04-25t1w2023-04-25y023 00102lcc4070a001b001cZambiana Collectiond2023-04-25l0oZAM JQ 2881 Natp009068r2023-04-25t2w2023-04-25y023